[Event "Berkeley International"]
[Site "Berkeley"]
[Date "2011.01.02"]
[Round "2"]
[White "Haessel, Dale R"]
[Black "Milman, Lev"]
[Result "0-1"]
[WhiteElo "2198"]
[BlackElo "2467"]
[PlyCount "82"]
[EventDate "2011.01.02"]
[EventRounds "10"]
[EventCountry "USA"]
[SourceDate "2011.01.03"]

1. d4 Nf6 2. c4 e6 3. Nc3 Bb4 4. Qc2 O-O 5. a3 Bxc3+ 6. Qxc3 b6 7. Bg5 Bb7 8.
e3 h6 9. Bh4 d6 10. Ne2 Nbd7 11. Rd1 Qe7 12. f3 Rfe8 13. Bf2 d5 14. cxd5 Nxd5
15. Qc2 f5 16. Nc3 c5 17. Nxd5 Bxd5 18. Bc4 Qg5 19. Bxd5 exd5 20. O-O c4 21.
Rfe1 b5 22. e4 fxe4 23. fxe4 Qg6 24. a4 a6 25. Qc3 dxe4 26. b3 Rac8 27. axb5
axb5 28. Qb4 Qg5 29. d5 e3 30. Bg3 e2 31. Rd4 c3 32. Bf4 Qxf4 33. Rxf4 c2 34.
Rc4 bxc4 35. bxc4 Rb8 36. Qd2 Rb1 37. Kf2 c1=Q 38. Rxc1 Rxc1 39. Qxc1 e1=Q+ 40.
Qxe1 Rxe1 41. Kxe1 Ne5 0-1

[Event "Berkeley International"]
[Site "Berkeley"]
[Date "2011.01.02"]
[Round "2"]
[White "Helfst, Matt"]
[Black "Collins, Sam"]
[Result "0-1"]
[WhiteElo "1929"]
[BlackElo "2436"]
[PlyCount "88"]
[EventDate "2011.01.02"]
[EventRounds "10"]
[EventCountry "USA"]
[SourceDate "2011.01.03"]

1. Nf3 Nf6 2. c4 e6 3. g3 d5 4. d4 c5 5. cxd5 exd5 6. Bg2 Nc6 7. O-O Be7 8. Nc3
O-O 9. Bg5 c4 10. Ne5 Be6 11. b3 Qa5 12. Nxc6 bxc6 13. Bd2 Bb4 14. Qc2 c5 15.
a3 Bxc3 16. Bxc3 cxb3 17. Qxb3 Qa6 18. Qc2 c4 19. f3 Rab8 20. e4 Rb3 21. e5 Nd7
22. a4 g6 23. f4 Bf5 24. Qd2 Qe6 25. Bf3 Nb8 26. Rfc1 Rd8 27. Bd1 Rb7 28. Bc2
Nc6 29. a5 Bxc2 30. Qxc2 Rdb8 31. Rf1 Qf5 32. Qxf5 gxf5 33. Ra3 Rb3 34. Rfa1
Rxa3 35. Rxa3 Rb3 36. Rxb3 cxb3 37. a6 Nb4 38. Kf1 Nxa6 39. Ke1 Nc7 40. Kd2 Nb5
41. Kd3 Kf8 42. h3 h5 43. Kd2 h4 44. gxh4 Kg7 0-1

[Event "Berkeley International"]
[Site "Berkeley"]
[Date "2011.01.02"]
[Round "2"]
[White "Holt, Conrad"]
[Black "Panchanathan, Magesh"]
[Result "0-1"]
[WhiteElo "2388"]
[BlackElo "2537"]
[PlyCount "66"]
[EventDate "2011.01.02"]
[EventRounds "10"]
[EventCountry "USA"]
[SourceDate "2011.01.03"]

1. d4 Nf6 2. c4 e6 3. Nc3 Bb4 4. Qc2 O-O 5. e4 d6 6. Bd3 Nc6 7. Nf3 e5 8. d5
Ne7 9. a3 Bxc3+ 10. Qxc3 a5 11. Bg5 Ne8 12. O-O h6 13. Bxe7 Qxe7 14. b4 f5 15.
Nd2 Qg5 16. c5 Nf6 17. exf5 Bxf5 18. Bxf5 Qxf5 19. bxa5 Kh8 20. cxd6 cxd6 21.
Qb3 e4 22. Rae1 Rxa5 23. Nc4 Rc5 24. Nxd6 Qf4 25. Qg3 Qxg3 26. hxg3 Rxd5 27.
Nxb7 Ra8 28. Re3 Ra7 29. Rb1 Rxb7 30. Rxb7 Rd1+ 31. Kh2 Ng4+ 32. Kh3 Nxf2+ 33.
Kh4 Rh1# 0-1

[Event "Berkeley International"]
[Site "Berkeley"]
[Date "2011.01.02"]
[Round "2"]
[White "Kavutskiy, Konstantin"]
[Black "Abrahamyan, Tatev"]
[Result "1-0"]
[WhiteElo "2170"]
[BlackElo "2327"]
[PlyCount "53"]
[EventDate "2011.01.02"]
[EventRounds "10"]
[EventCountry "USA"]
[SourceDate "2011.01.03"]

1. d4 Nf6 2. Nf3 c5 3. d5 b5 4. Bg5 Ne4 5. Bh4 Bb7 6. Qd3 f5 7. Nbd2 Qa5 8. c3
c4 9. Qd4 e6 10. dxe6 dxe6 11. Nxe4 Bxe4 12. Ne5 Qc7 13. O-O-O Bd5 14. Bg3 Bd6
15. e3 O-O 16. Be2 Qa5 17. e4 Bxe5 18. Qxe5 Nc6 19. Qd6 Rfd8 20. Qc7 Qxa2 21.
exd5 b4 22. Bxc4 Qxc4 23. Qxc6 Qa2 24. Bc7 Rac8 25. Qxe6+ Kh8 26. Bxd8 Rxd8 27.
cxb4 1-0

[Event "Berkeley International"]
[Site "Berkeley"]
[Date "2011.01.02"]
[Round "2"]
[White "Kleinman, Michael"]
[Black "Lee, Andy C"]
[Result "1-0"]
[WhiteElo "2127"]
[BlackElo "2271"]
[PlyCount "69"]
[EventDate "2011.01.02"]
[EventRounds "10"]
[EventCountry "USA"]
[SourceDate "2011.01.03"]

1. e4 e5 2. Nf3 Nc6 3. Bb5 a6 4. Ba4 Nf6 5. O-O b5 6. Bb3 Bc5 7. a4 Rb8 8. c3
d6 9. d4 Bb6 10. a5 Ba7 11. h3 Bb7 12. Re1 O-O 13. Be3 Ra8 14. Nbd2 Re8 15. Qb1
h6 16. Qd3 exd4 17. cxd4 Nxa5 18. Rxa5 c5 19. dxc5 Qxa5 20. cxd6 Bxe3 21. Rxe3
Nd7 22. e5 Qa1+ 23. Re1 Nxe5 24. Bxf7+ Kh8 $2 (24... Kf8 $11) 25. Qc3 $2 (25.
Rxa1 Nxd3 26. Bxe8) 25... Nxf3+ 26. Nxf3 Rxe1+ 27. Nxe1 Qd1 28. Qe5 Bxg2 $4 (
28... Rd8 29. Qe7) (28... Bc6 $17) 29. Kxg2 Rd8 30. Bd5 $1 Qb1 31. d7 Qg6+ 32.
Kh2 Qf6 33. Nd3 Rf8 34. Qxf6 gxf6 35. Nf4 1-0

[Event "Berkeley International"]
[Site "Berkeley"]
[Date "2011.01.02"]
[Round "2"]
[White "Lobo, Richard"]
[Black "Gutman, Joshua"]
[Result "1-0"]
[WhiteElo "2262"]
[BlackElo "2124"]
[PlyCount "63"]
[EventDate "2011.01.02"]
[EventRounds "10"]
[EventCountry "USA"]
[SourceDate "2011.01.03"]

1. d4 d5 2. c4 c6 3. Nc3 Nf6 4. e3 a6 5. a4 Bf5 6. Nf3 e6 7. Be2 h6 8. Qb3 Qc7
9. a5 Nbd7 10. O-O Be7 11. Bd2 Ne4 12. Rfc1 Bg4 13. Be1 Nxc3 14. bxc3 dxc4 15.
Qxc4 O-O 16. h3 Bf5 17. Nd2 Nf6 18. Bf3 Rfc8 19. e4 Bg6 20. Qe2 e5 21. Nc4 exd4
22. cxd4 Rab8 23. Bc3 Re8 24. d5 Bc5 25. Qb2 Nxe4 26. Bxe4 Bxe4 27. Be5 Qd8 28.
Bxb8 Qg5 29. Ne3 Bxe3 30. fxe3 Qxe3+ 31. Kh2 Rxb8 32. Qe5 1-0

[Event "Berkeley International"]
[Site "Berkeley"]
[Date "2011.01.02"]
[Round "2"]
[White "Naroditsky, Daniel"]
[Black "Hess, Robert L"]
[Result "0-1"]
[WhiteElo "2419"]
[BlackElo "2572"]
[PlyCount "88"]
[EventDate "2011.01.02"]
[EventRounds "10"]
[EventCountry "USA"]
[SourceDate "2011.01.03"]

1. e4 c5 2. Nf3 Nc6 3. d4 cxd4 4. Nxd4 e5 5. Nb5 d6 6. N1c3 a6 7. Na3 Be7 8.
Be3 Nf6 9. Nc4 Be6 10. Nd5 Bxd5 11. exd5 Na7 12. Nb6 Rb8 13. c4 O-O 14. Bd3 Nc8
15. Nxc8 Qxc8 16. O-O Ng4 17. Ba7 Ra8 18. Bb6 Bd8 19. Qb3 Bxb6 20. Qxb6 Rd8 21.
Rac1 Nf6 22. Qe3 h6 23. Rfd1 Qg4 24. h3 Qg5 25. b4 a5 26. Rb1 Qxe3 27. fxe3
axb4 28. Rxb4 Rxa2 29. Rxb7 Ra3 30. c5 dxc5 31. d6 Rc3 32. Bb1 c4 33. Rc7 Ne8
34. Kh2 Kf8 35. Rc6 Rxe3 36. d7 Nf6 37. Bf5 Ke7 38. h4 g6 39. Bh3 Rd3 40. Rf1
Nd5 41. h5 g5 42. Rc8 g4 43. Rxf7+ Kxf7 44. Rxd8 g3+ 0-1

[Event "Berkeley International"]
[Site "Berkeley"]
[Date "2011.01.02"]
[Round "2"]
[White "Pamatmat, Jarod John Munda"]
[Black "Evans, Bela"]
[Result "1/2-1/2"]
[WhiteElo "2100"]
[BlackElo "2262"]
[PlyCount "128"]
[EventDate "2011.01.02"]
[EventRounds "10"]
[EventCountry "USA"]
[SourceDate "2011.01.03"]

1. d4 d5 2. c4 e6 3. Nf3 Be7 4. e3 Nf6 5. b3 O-O 6. Bd3 b6 7. O-O Bb7 8. Bb2
Nbd7 9. Nc3 Ne4 10. Qe2 f5 11. Rac1 a6 12. Ne5 Bd6 13. f4 Nxc3 14. Bxc3 a5 15.
a4 Nf6 16. Be1 Ne4 17. Qh5 Qe8 18. Qxe8 Rfxe8 19. Rc2 Rac8 20. Bh4 Bxe5 21.
fxe5 dxc4 22. bxc4 Bc6 23. Ra1 g5 24. Be1 h5 25. h4 g4 26. Bxe4 Bxe4 27. Rc3 c5
28. g3 Rc7 29. Rac1 Rec8 30. Kf2 Bf3 31. Kf1 Kf7 32. Bf2 Be4 33. Ke2 Ke7 34.
Be1 Kd7 35. Bf2 Rb7 36. Rb3 Rcc7 37. Kd2 Bc6 38. Ra1 Rc8 39. Be1 Be4 40. Rc1
Kc7 41. Kc3 Kb8 42. Kb2 Ka7 43. Ka3 Rbc7 44. Rbc3 Rd7 45. Bf2 Ka6 46. Rb3 Rdc7
47. Rbc3 Rg8 48. Rb3 Rf8 49. Ka2 Rfc8 50. Ka3 Rf7 51. Kb2 Rc6 52. Ka3 Kb7 53.
Kb2 Rfc7 54. Rbc3 Kc8 55. Be1 Rf7 56. Bf2 Kc7 57. Kb3 Kb7 58. Ka3 Rc8 59. Rb3
Rfc7 60. Rbc3 Bf3 61. R1c2 Be4 62. Rc1 Rc6 63. Kb2 Bf3 64. Be1 Be4 1/2-1/2

[Event "Berkeley International"]
[Site "Berkeley"]
[Date "2011.01.02"]
[Round "2"]
[White "Pruess, David"]
[Black "Manvelyan, Hayk"]
[Result "0-1"]
[WhiteElo "2377"]
[BlackElo "2158"]
[PlyCount "98"]
[EventDate "2011.01.02"]
[EventRounds "10"]
[EventCountry "USA"]
[SourceDate "2011.01.03"]

1. e4 e6 2. d4 d5 3. Nc3 Bb4 4. a3 Bxc3+ 5. bxc3 Ne7 6. Bd3 c5 7. Nf3 c4 8. Be2
O-O 9. O-O Nbc6 10. Re1 Bd7 11. Bf1 b5 12. Bf4 dxe4 13. Rxe4 Nd5 14. Qd2 Nxf4
15. Qxf4 Ne7 16. Ne5 Nd5 17. Qg3 Be8 18. Rg4 g6 19. Re1 Qa5 20. Qh3 Kg7 21. Rg3
Qxa3 22. Ng4 h5 23. Ne3 Nxe3 24. Rexe3 Rh8 25. Qh4 Qd6 26. Rgf3 Qd8 27. Qf4 a5
28. Qe5+ Kg8 29. g3 a4 30. Re1 a3 31. Rfe3 a2 32. Ra1 Bc6 33. Bg2 Qd7 34. Qc5
Bxg2 35. Kxg2 Kh7 36. Re5 Rhb8 37. Qb4 Ra4 38. Qb2 Qc6+ 39. f3 Qa6 40. d5 exd5
41. Rxd5 Qc6 42. Re5 Rd8 43. Re2 Qa6 44. Qc1 Rd5 45. Re8 Qd6 46. Re2 Ra3 47.
Qe3 Rd1 48. Re1 Qd2+ 49. Qf2 Qxe1 0-1

[Event "Berkeley International"]
[Site "Berkeley"]
[Date "2011.01.02"]
[Round "2"]
[White "Ravichandran, Siddharth"]
[Black "Liou, Yian"]
[Result "1-0"]
[WhiteElo "2458"]
[BlackElo "2285"]
[PlyCount "87"]
[EventDate "2011.01.02"]
[EventRounds "10"]
[EventCountry "USA"]
[SourceDate "2011.01.03"]

1. d4 d5 2. Nf3 Nf6 3. c4 c6 4. e3 a6 5. a4 Bg4 6. Nc3 e6 7. h3 Bh5 8. g4 Bg6
9. Ne5 Nbd7 10. Nxg6 hxg6 11. cxd5 exd5 12. Bg2 Bd6 13. Bd2 Nf8 14. Qc2 Ne6 15.
Ne2 Qe7 16. Rb1 a5 17. f3 Bc7 18. Kf2 Nd7 19. Qd3 Nb6 20. b3 Bd6 21. Rbe1 g5
22. f4 Kf8 23. Rhf1 f6 24. Kg1 gxf4 25. Nxf4 Nxf4 26. exf4 Qf7 27. f5 Nd7 28.
Re6 Bc7 29. Rfe1 Bd8 30. Bf4 Kg8 31. Bd6 Nf8 32. Re7 Bxe7 33. Rxe7 Re8 34. Rxf7
Kxf7 35. Qc3 Rd8 36. Bc7 Rd7 37. Qxa5 Nh7 38. Bf4 Re8 39. Bf3 Ng5 40. Bxg5 fxg5
41. Kf2 g6 42. Qd2 Kf6 43. h4 gxh4 44. Qh6 1-0

[Event "Berkeley International"]
[Site "Berkeley"]
[Date "2011.01.02"]
[Round "2"]
[White "Santic, Berislav"]
[Black "Gaffagan, Steven"]
[Result "0-1"]
[WhiteElo "2259"]
[BlackElo "1995"]
[PlyCount "116"]
[EventDate "2011.01.02"]
[EventRounds "10"]
[EventCountry "USA"]
[SourceDate "2011.01.03"]

1. Nf3 Nf6 2. g3 c5 3. Bg2 d5 4. O-O Nc6 5. d3 e6 6. Nbd2 Be7 7. e4 b6 8. exd5
exd5 9. d4 O-O 10. dxc5 bxc5 11. Nb3 a5 12. Bg5 a4 13. Bxf6 Bxf6 14. Nxc5 a3
15. b3 Bxa1 16. Qxa1 Qa5 17. Nd3 Bf5 18. Nf4 Rad8 19. c3 Rfe8 20. b4 Qb5 21.
Qc1 Ra8 22. Rd1 Be4 23. Bf1 Qb7 24. Nd2 Ne5 25. Nxe4 dxe4 26. Qe3 Rad8 27. Be2
Rxd1+ 28. Bxd1 g6 29. Bb3 Ng4 30. Qe2 Nf6 31. Ng2 Rd8 32. Ne3 Rd3 33. Bc4 Rxc3
34. b5 Rc1+ 35. Kg2 Qc7 36. h3 h5 37. Bb3 Qc5 38. Qd2 Rc3 39. Qd8+ Kg7 40. b6
Rd3 41. Qc7 Nd7 42. Bc4 Rd6 43. Bb5 Qxb6 44. Qc3+ Qd4 45. Qxa3 Rf6 46. Bxd7
Qxd7 47. Qc3 Qd3 48. Qe5 Qe2 49. Nd5 Qf3+ 50. Kh2 Qxf2+ 51. Kh1 Qf1+ 52. Kh2
Qf2+ 53. Kh1 Qf5 54. Qxf6+ Qxf6 55. Nxf6 Kxf6 56. a4 Ke5 57. g4 f5 58. a5 Kd6
0-1

[Event "Berkeley International"]
[Site "Berkeley"]
[Date "2011.01.02"]
[Round "2"]
[White "Shmeliov, Denis"]
[Black "Friedel, Joshua E"]
[Result "0-1"]
[WhiteElo "2357"]
[BlackElo "2508"]
[PlyCount "174"]
[EventDate "2011.01.02"]
[EventRounds "10"]
[EventCountry "USA"]
[SourceDate "2011.01.03"]

1. d4 Nf6 2. c4 e6 3. Nf3 d5 4. Nc3 Bb4 5. cxd5 exd5 6. Bg5 h6 7. Bxf6 Qxf6 8.
Qb3 c5 9. a3 Bxc3+ 10. Qxc3 Nd7 11. e3 a6 12. a4 O-O 13. Be2 Rb8 14. O-O c4 15.
Nd2 b5 16. axb5 axb5 17. Qb4 Rb6 18. Bf3 Bb7 19. Ra5 Bc6 20. Rfa1 Rfb8 21. Nb1
Qd8 22. Nc3 Nf6 23. g3 Qd7 24. Ra7 Qf5 25. Kg2 Bd7 26. Qe7 Be6 27. Ra8 Kh7 28.
Rxb8 Rxb8 29. Qd6 Rc8 30. Nxb5 Qc2 31. Nc3 Qxb2 32. Qa3 Qc2 33. Kg1 Rb8 34. Qc1
Rb2 35. Qxc2+ Rxc2 36. Nb5 Bf5 37. Kg2 Ne4 38. Bxe4 Bxe4+ 39. Kg1 c3 40. Rd1
Bf5 41. Kg2 Be4+ 42. Kg1 g5 43. h3 Kg6 44. Kf1 Kf6 45. Ke1 Bf3 46. Ra1 Re2+ 47.
Kf1 Rc2 48. Ke1 Ke7 49. Na3 Re2+ 50. Kf1 Rb2 51. Rc1 Rb3 52. Nb1 c2 53. Nd2 Rb2
54. Ke1 Bd1 55. Nf1 f5 56. Kd2 Kd7 57. h4 Rb3 58. hxg5 hxg5 59. Nh2 Kc6 60.
Rxc2+ Bxc2 61. Kxc2 Ra3 62. Kb2 Ra8 63. Nf3 Rg8 64. Kc3 Kd6 65. Kd3 Ke6 66. Ke2
Kf6 67. Ne5 Ra8 68. Nd7+ Ke6 69. Nc5+ Kd6 70. Nd3 Kc6 71. Ne5+ Kb5 72. Nf7 Ra2+
73. Kf3 g4+ 74. Kg2 Ra6 75. Ne5 Kb4 76. Nd3+ Kc3 77. Nf4 Ra5 78. Ng6 Kd2 79.
Ne7 Ke1 80. Nxf5 Ra2 81. Nh6 Rxf2+ 82. Kg1 Rf6 83. Nxg4 Rg6 84. Ne5 Rxg3+ 85.
Kh2 Rxe3 86. Nc6 Kf2 87. Nb4 Re4 0-1

[Event "Berkeley International"]
[Site "Berkeley"]
[Date "2011.01.02"]
[Round "2"]
[White "Troff, Kayden"]
[Black "Amanov, Zhanibek"]
[Result "1/2-1/2"]
[WhiteElo "2247"]
[BlackElo "2421"]
[PlyCount "131"]
[EventDate "2011.01.02"]
[EventRounds "10"]
[EventCountry "USA"]
[SourceDate "2011.01.03"]

1. d4 d5 2. c4 e6 3. Nf3 Nf6 4. g3 dxc4 5. Bg2 Nc6 6. O-O Rb8 7. Nc3 b5 8. Ne5
Nxe5 9. dxe5 Nd7 10. Qd4 c5 11. Qf4 Be7 12. Rd1 O-O 13. a4 b4 14. Nb5 Bb7 15.
Be3 Bxg2 16. Kxg2 Qc8 17. Nd6 Qc6+ 18. f3 c3 19. bxc3 bxc3 20. Rac1 Rb4 21. Ne4
Nb6 22. Qg4 Kh8 23. Qh5 Rxe4 24. fxe4 Qxe4+ 25. Qf3 Qxa4 26. Qb7 Re8 27. Ra1 c2
28. Rdc1 Qc4 29. Qf3 Nd5 30. Rxa7 f5 31. Bd2 Qd4 32. Rxc2 Qxe5 33. Bc3 Qe3 34.
Bb2 c4 35. Rd7 Qh6 36. Bc1 Bg5 37. Bxg5 Qxg5 38. Kf2 c3 39. Rxd5 exd5 40. Rxc3
d4 41. Rc4 Rd8 42. Rc5 g6 43. Re5 Qf6 44. Rd5 Kg7 45. Rb5 Rd7 46. Qf4 Qe6 47.
Qe5+ Qxe5 48. Rxe5 Kf6 49. Ra5 Kg5 50. Kg2 Re7 51. Kf3 Re3+ 52. Kf2 Rc3 53. Rd5
Rc4 54. Rd7 h6 55. Rd6 Ra4 56. Kf3 Kh5 57. Kf2 Kg5 58. Kf3 h5 59. h4+ Kh6 60.
Rd7 Ra3+ 61. Kf2 Ra4 62. Kf3 Rb4 63. Kf2 d3 64. exd3 f4 65. Rf7 fxg3+ 66. Kxg3
1/2-1/2

[Event "Berkeley International"]
[Site "Berkeley"]
[Date "2011.01.02"]
[Round "2"]
[White "Uesugi, Shinsaku"]
[Black "Zepeda, Lorena"]
[Result "1-0"]
[WhiteElo "2331"]
[BlackElo "2202"]
[PlyCount "69"]
[EventDate "2011.01.02"]
[EventRounds "10"]
[EventCountry "USA"]
[SourceDate "2011.01.03"]

1. Nf3 Nf6 2. g3 g6 3. Bg2 Bg7 4. d4 O-O 5. O-O d6 6. c4 Nc6 7. d5 Ne5 8. Nxe5
dxe5 9. Nc3 Bf5 10. Qb3 Rb8 11. Rd1 Qc8 12. Qa3 Re8 13. Qxa7 b6 14. Nb5 Rb7 15.
Qa3 Bh3 16. Bh1 Rb8 17. Qd3 Bf5 18. Qb3 Bg4 19. Qe3 e6 20. a4 exd5 21. cxd5 e4
22. d6 Qd7 23. Nxc7 Re5 24. b4 Ne8 25. Bb2 Nxc7 26. dxc7 Qxc7 27. Rac1 Qe7 28.
Bxe5 Qxe5 29. Qxe4 Qxe4 30. Bxe4 Bxe2 31. Rd7 Bg4 32. Rb7 Re8 33. Bd5 Be6 34.
Bxe6 fxe6 35. Rxb6 1-0

[Event "Berkeley International"]
[Site "Berkeley"]
[Date "2011.01.02"]
[Round "2"]
[White "Yanayt, Eugene"]
[Black "Kiewra, Keaton F"]
[Result "0-1"]
[WhiteElo "2218"]
[BlackElo "2337"]
[PlyCount "60"]
[EventDate "2011.01.02"]
[EventRounds "10"]
[EventCountry "USA"]
[SourceDate "2011.01.03"]

1. d4 Nf6 2. c4 g6 3. Nc3 Bg7 4. e4 d6 5. Nf3 O-O 6. Be2 Bg4 7. Be3 Nfd7 8. Rc1
a6 9. d5 Bxf3 10. Bxf3 b5 11. cxb5 axb5 12. Qb3 c5 13. Qxb5 Qa5 14. Qxa5 Rxa5
15. a3 Na6 16. Rc2 Rb8 17. Nd1 Nc7 18. b4 Rxa3 19. bxc5 Nxc5 20. Bxc5 dxc5 21.
Rxc5 Nb5 22. O-O Nd4 23. Bg4 h5 24. Rc8+ Rxc8 25. Bxc8 Nb3 26. Ne3 Nd2 27. Rd1
Nxe4 28. Kf1 Ra2 29. f3 Nd2+ 30. Ke2 Nc4+ 0-1

[Event "Berkeley International"]
[Site "Berkeley"]
[Date "2011.01.02"]
[Round "2"]
[White "Yang, Darwin"]
[Black "Gareev, Timur"]
[Result "1-0"]
[WhiteElo "2421"]
[BlackElo "2605"]
[PlyCount "84"]
[EventDate "2011.01.02"]
[EventRounds "10"]
[EventCountry "USA"]
[SourceDate "2011.01.03"]

1. d4 Nf6 2. c4 g6 3. f3 Bg7 4. e4 O-O 5. Nc3 c5 6. d5 e6 7. Nge2 d6 8. Bg5 h6
9. Be3 a6 10. Qd2 exd5 11. cxd5 Nbd7 12. Ng3 h5 13. Bg5 h4 14. Nge2 b5 15. Nc1
h3 16. g3 Ne5 17. Be2 Rb8 18. O-O b4 19. Nd1 c4 20. Be3 Qc7 21. Bd4 Bd7 22. Ne3
Bb5 23. a4 c3 24. bxc3 Bxe2 25. Nxe2 b3 26. Rab1 Qa5 27. Qd1 Qxa4 28. Nc1 Bh6
29. Rxb3 Rxb3 30. Qxb3 Bxe3+ 31. Bxe3 Nxf3+ 32. Rxf3 Qxe4 33. Qd1 Rb8 34. Qe2
Rb2 35. Qxb2 Qxf3 36. Qe2 Qxd5 37. Bd4 Nd7 38. Nd3 Ne5 39. Nxe5 dxe5 40. Bxe5
a5 41. Bd4 Kh7 42. Kf2 a4 1-0

[Event "Berkeley International"]
[Site "Berkeley"]
[Date "2011.01.03"]
[Round "3"]
[White "Abrahamyan, Tatev"]
[Black "Pamatmat, Jarod John Munda"]
[Result "1/2-1/2"]
[WhiteElo "2327"]
[BlackElo "2100"]
[PlyCount "48"]
[EventDate "2011.01.02"]
[EventRounds "10"]
[EventCountry "USA"]
[SourceDate "2011.01.03"]

1. e4 e6 2. d4 d5 3. e5 c5 4. c3 Nc6 5. Nf3 Qb6 6. a3 c4 7. Nbd2 Na5 8. g3 Bd7
9. Bg2 h6 10. O-O O-O-O 11. Rb1 Ne7 12. Bh3 Kb8 13. Ne1 Nc8 14. Ng2 g6 15. Ne3
h5 16. Bg2 Qc7 17. Qe2 Ba4 18. Nf3 Nb3 19. Ng5 Bh6 20. f4 Qe7 21. h4 Bc6 22.
Bd2 b5 23. Be1 Kb7 24. Nf3 a5 1/2-1/2

[Event "Berkeley International"]
[Site "Berkeley"]
[Date "2011.01.03"]
[Round "3"]
[White "Amanov, Zhanibek"]
[Black "Helfst, Matt"]
[Result "1-0"]
[WhiteElo "2421"]
[BlackElo "1929"]
[PlyCount "101"]
[EventDate "2011.01.02"]
[EventRounds "10"]
[EventCountry "USA"]
[SourceDate "2011.01.03"]

1. e4 e6 2. d4 d5 3. Nd2 dxe4 4. Nxe4 Bd7 5. Nf3 Bc6 6. Bd3 Nd7 7. Ng3 Ngf6 8.
O-O Be7 9. Qe2 O-O 10. Rd1 Bxf3 11. Qxf3 c6 12. c4 Qc7 13. Be3 Rad8 14. Rac1 c5
15. Qe2 Rfe8 16. Bc2 Bd6 17. Ba4 cxd4 18. Bxd4 Re7 19. c5 Bf4 20. Rc4 Nd5 21.
Re1 Qa5 22. Bb3 N7f6 23. c6 bxc6 24. Ra4 Qb5 25. Qxb5 cxb5 26. Rxa7 Rxa7 27.
Bxa7 Nb4 28. Ne2 Be5 29. Nc3 Bxc3 30. bxc3 Nbd5 31. c4 bxc4 32. Bxc4 h6 33. Rb1
Kh7 34. h3 Rc8 35. Bd3+ g6 36. Bd4 Ra8 37. Rb7 Kg8 38. Ra7 Rc8 39. Be5 Rd8 40.
Bb5 Ne4 41. Bc6 Nef6 42. a4 Ne8 43. a5 Nb4 44. Bb5 Ng7 45. Rb7 Ra8 46. Bd6 Nd5
47. a6 Nf5 48. Be5 Nfe7 49. a7 Nc8 50. Rb8 Ndb6 51. Bd4 1-0

[Event "Berkeley International"]
[Site "Berkeley"]
[Date "2011.01.03"]
[Round "3"]
[White "Carreto Nieto, Giovanni"]
[Black "Shmeliov, Denis"]
[Result "0-1"]
[WhiteElo "2231"]
[BlackElo "2357"]
[PlyCount "84"]
[EventDate "2011.01.02"]
[EventRounds "10"]
[EventCountry "USA"]
[SourceDate "2011.01.03"]

1. e4 c6 2. d4 d5 3. e5 c5 4. dxc5 e6 5. Nf3 Bxc5 6. Bd3 Nc6 7. c3 Nge7 8. O-O
Ng6 9. Re1 Bb6 10. Na3 a6 11. Nc2 Bc7 12. Bg5 Qd7 13. Bxg6 hxg6 14. Ncd4 Rb8
15. a4 Na5 16. Qd3 b6 17. h3 Bb7 18. Re3 Rh5 19. Bf4 Bd8 20. b3 Ra8 21. Re2 Bc6
22. Bg3 Nb7 23. Rea2 Nc5 24. Qe3 Ne4 25. Nd2 Bc7 26. f4 Bb7 27. Nxe4 dxe4 28.
Rd2 Qe7 29. Rad1 Rd8 30. Bf2 g5 31. f5 Bxe5 32. fxe6 fxe6 33. Ne2 Rxd2 34. Rxd2
Bc7 35. a5 bxa5 36. Qa7 g4 37. hxg4 Rb5 38. Nd4 e3 39. Bxe3 Qh4 40. Bf2 Qh2+
41. Kf1 Qxg2+ 42. Ke1 Qh1+ 0-1

[Event "Berkeley International"]
[Site "Berkeley"]
[Date "2011.01.03"]
[Round "3"]
[White "Evans, Bela"]
[Black "Yanayt, Eugene"]
[Result "0-1"]
[WhiteElo "2262"]
[BlackElo "2218"]
[PlyCount "68"]
[EventDate "2011.01.02"]
[EventRounds "10"]
[EventCountry "USA"]
[SourceDate "2011.01.03"]

1. e4 c5 2. g3 Nc6 3. Bg2 g6 4. c3 Bg7 5. Ne2 e5 6. d3 Nge7 7. Be3 d6 8. f4 O-O
9. O-O Rb8 10. Nd2 f5 11. Nf3 b6 12. Qb3+ Kh8 13. Rad1 Qe8 14. a3 Na5 15. Qc2
c4 16. Nh4 cxd3 17. Qxd3 fxe4 18. Bxe4 d5 19. Bh1 Nc4 20. Bc1 Bh3 21. Rfe1 g5
22. Bg2 Bxg2 23. Nxg2 gxf4 24. gxf4 Rd8 25. b3 Na5 26. fxe5 Nxb3 27. Bf4 Nc5
28. Qh3 Ng6 29. Bg5 Rd7 30. Bf6 Nxe5 31. Bxe5 Bxe5 32. Nef4 Rg7 33. Rxd5 Bd4+
34. Kh1 Qxe1+ 0-1

[Event "Berkeley International"]
[Site "Berkeley"]
[Date "2011.01.03"]
[Round "3"]
[White "Friedel, Joshua E"]
[Black "Yang, Darwin"]
[Result "1-0"]
[WhiteElo "2508"]
[BlackElo "2421"]
[PlyCount "49"]
[EventDate "2011.01.02"]
[EventRounds "10"]
[EventCountry "USA"]
[SourceDate "2011.01.03"]

1. e4 e6 2. d4 d5 3. Nd2 dxe4 4. Nxe4 Nd7 5. Nf3 Ngf6 6. Bd3 Nxe4 7. Bxe4 Nf6
8. Bg5 Be7 9. Bxf6 Bxf6 10. Qd3 Qd6 11. O-O-O g6 12. h4 Bg7 13. Ne5 O-O 14. h5
f6 15. h6 Bh8 16. Bxg6 fxe5 17. Bxh7+ Kf7 18. Qg6+ Ke7 19. Bg8 Bf6 20. h7 e4
21. Qxf6+ Rxf6 22. h8=Q Qf4+ 23. Kb1 Qg5 24. d5 Bd7 25. d6+ 1-0

[Event "Berkeley International"]
[Site "Berkeley"]
[Date "2011.01.03"]
[Round "3"]
[White "Gareev, Timur"]
[Black "Coleman, Teddy"]
[Result "1-0"]
[WhiteElo "2605"]
[BlackElo "2282"]
[PlyCount "51"]
[EventDate "2011.01.02"]
[EventRounds "10"]
[EventCountry "USA"]
[SourceDate "2011.01.03"]

1. d4 d5 2. c4 c6 3. Nc3 Nf6 4. e3 e6 5. Bd2 Bd6 6. Rc1 O-O 7. cxd5 exd5 8. Bd3
Bg4 9. Nge2 Re8 10. O-O Ne4 11. f3 Nxd2 12. Qxd2 Bh5 13. e4 dxe4 14. fxe4 c5
15. Nd5 Nd7 16. e5 Bf8 17. Nef4 Bg6 18. Nxg6 fxg6 19. Bb5 Be7 20. Qf4 Kh8 21.
Qf7 a6 22. Bxd7 Qxd7 23. Nxe7 Qxe7 24. Qxe7 Rxe7 25. Rxc5 Rd8 26. Rfc1 1-0

[Event "Berkeley International"]
[Site "Berkeley"]
[Date "2011.01.03"]
[Round "3"]
[White "Ginsburg, Mark"]
[Black "Kavutskiy, Konstantin"]
[Result "1/2-1/2"]
[WhiteElo "2393"]
[BlackElo "2170"]
[PlyCount "92"]
[EventDate "2011.01.02"]
[EventRounds "10"]
[EventCountry "USA"]
[SourceDate "2011.01.03"]

1. Nf3 Nf6 2. c4 e6 3. g3 d5 4. b3 Be7 5. Bg2 c5 6. O-O Nc6 7. cxd5 exd5 8. d4
O-O 9. dxc5 Bxc5 10. Bb2 Bg4 11. Nc3 a6 12. Rc1 Re8 13. e3 Ba7 14. Ne2 Qe7 15.
h3 Bf5 16. Ned4 Nxd4 17. Bxd4 Bxd4 18. Qxd4 Be4 19. Qb6 Rac8 20. Nd4 Bxg2 21.
Kxg2 h5 22. Rfd1 Qd7 23. Ne2 h4 24. gxh4 Re6 25. Qa5 Rec6 26. Rxc6 Qxc6 27. Rc1
Qd7 28. Rxc8+ Qxc8 29. Qc3 Qf5 30. Ng3 Qe6 31. Qd4 Ne4 32. Nxe4 dxe4 33. Qd8+
Kh7 34. Qg5 Kg8 35. h5 Kh7 36. Kg3 Qd6+ 37. Qf4 Qe6 38. h4 b5 39. Qg5 Qd6+ 40.
Kg2 Qe6 41. Qf4 Qd5 42. Kg3 Qe6 43. b4 Kh8 44. a3 Kh7 45. Qg5 Qd6+ 46. Kg2 Qe6
1/2-1/2

[Event "Berkeley International"]
[Site "Berkeley"]
[Date "2011.01.03"]
[Round "3"]
[White "Gurevich, Daniel"]
[Black "Shivaji, Shivkumar"]
[Result "0-1"]
[WhiteElo "2078"]
[BlackElo "2303"]
[PlyCount "82"]
[EventDate "2011.01.02"]
[EventRounds "10"]
[EventCountry "USA"]
[SourceDate "2011.01.03"]

1. e4 e6 2. d4 d5 3. Nc3 Nf6 4. e5 Nfd7 5. f4 c5 6. Nf3 Nc6 7. Be3 a6 8. Qd2 b5
9. dxc5 Bxc5 10. Bxc5 Nxc5 11. Qf2 Qb6 12. Bd3 b4 13. Ne2 a5 14. O-O Ba6 15.
Kh1 Ne7 16. Ng3 g6 17. Nd2 Rb8 18. Bxa6 Nxa6 19. Nb3 Qxf2 20. Rxf2 a4 21. Nd4
O-O 22. Rf3 Nc5 23. Nge2 Rfc8 24. Kg1 Ne4 25. Rd1 h5 26. h4 Rb7 27. Re3 Kf8 28.
Kf1 Ng8 29. Ng3 Nc5 30. Nh1 Nh6 31. Nf2 Ke7 32. Ke2 Rb6 33. Kd2 Nf5 34. Nxf5+
gxf5 35. Rg3 b3 36. axb3 axb3 37. Rc3 d4 38. Rc4 Ne4+ 39. Nxe4 Rxc4 40. cxb3
Rxb3 41. Ng5 Rxb2+ 0-1